000 00416nam a2200181Ia 4500
001 10651
005 20260306161848.0
008 260306t1973||||xx |||||||||||||| ||spa||
041 _aESP
082 _a946.03
_bK19
100 _aKamen, Henry
_eAUT
245 0 _aLa inquisición española
260 _c1973
300 _a342 páginas :
_c18 cm.
650 _aGEN
654 _aCHU
942 _cLIB
_dJUS
_fJUS
_2ddc
_n
999 _c10651
_d10651